| 000 | 00595nam a2200193 a 4500 | ||
|---|---|---|---|
| 001 | BRCA_4806 | ||
| 005 | 20190320204821.0 | ||
| 008 | 111010c1944----sz-af#####---#000-0#fre-# | ||
| 041 | _afre | ||
| 044 | _asz | ||
| 050 | 4 |
_aN332 _b.B33 1944 |
|
| 100 | 1 |
_aBaderou, Henri _912178 |
|
| 245 | 1 | 0 |
_aL´école de fontainebleau _bsiécle XVI _cTexte de Henri Baderou. |
| 260 |
_aSuiza _bSkira _c1944 |
||
| 300 |
_a1 v. (sin paginación) _bil., 7 láminas a color _c39 cm. |
||
| 440 | 0 |
_aLes trésors de lapeinture francaise _912179 |
|
| 650 | 1 | 4 |
_aPintura flamenca _vCatálogos _xArte _912180 |
| 942 |
_2lcc _cB |
||
| 999 |
_c4503 _d4503 |
||